000
00333nam a2200157Ia 4500
100
_a
Burghardt/Axelrod
650
_a
Chemistry
942
_c
BK
654
_a
Tools
245
_a
Machine Tools Operations I
260
_b
Hand Book Publishers
_c
2001
082
_a
621.9
_b
BUR
300
_a
588
546
_a
ENGLISH
999
_c
19812
_d
19812